Antropología estructural
Uloženo v:
| Hlavní autor: | |
|---|---|
| Médium: | Kniha |
| Jazyk: | španělština |
| Vydáno: |
Buenos Aires
EUDEBA
1980
|
| Vydání: | 8a. ed |
| Edice: | Manuales EUDEBA
|
| Témata: | |
| Tagy: |
Přidat tag
Žádné tagy, Buďte první, kdo vytvoří štítek k tomuto záznamu!
|
MARC
| LEADER | 00000nam a2200000 a 4500 | ||
|---|---|---|---|
| 001 | UCZ3343 | ||
| 003 | CL-VaPUC | ||
| 008 | 951020e19800900AG |||||||||||||||||spa|d | ||
| 082 | 0 | 4 | |a 306 |b LEV |2 21 |
| 100 | |a Lévi-Strauss, Claude |e author |9 265689 | ||
| 245 | 1 | 0 | |a Antropología estructural |
| 250 | |a 8a. ed | ||
| 300 | |a 371 p | ||
| 942 | |c BK | ||
| 945 | |d 19951020 00:00:00 |a cmena | ||
| 260 | |a Buenos Aires |b EUDEBA |c 1980 | ||
| 650 | 0 | |a Antropología |9 233030 | |
| 650 | 0 | |a Estructuralismo |9 265696 | |
| 650 | 0 | |a Lingüística |9 265068 | |
| 650 | 0 | |a Sociedad |9 307903 | |
| 650 | 0 | |a Mitología |9 255719 | |
| 650 | 0 | |a Religión |9 255164 | |
| 650 | 0 | |a Artes |9 268202 | |
| 583 | |a last modification |c 19951020 00:00:00 |k Rodrigo Vera | ||
| 490 | 0 | |a Manuales EUDEBA | |
| 999 | |c 239826 |d 239824 | ||
| 952 | |0 0 |1 0 |4 0 |6 306_000000000000000_LEV_1980 |7 0 |8 P |9 251254 |a BIBEDU |b BIBEDU |c BIBEDU_PB |d 2019-11-18 |i 1586408 |o 306 LEV 1980 |p 1586408 |r 2024-01-25 |w 2019-11-18 |y BK |k FIL | ||